Quinto Curso de Derecho Internacional organizado por el Comité Jurídico Interamericano

Guardat en:
Dades bibliogràfiques
Autor corporatiu: OEA (Autor), Organización de Estados Americanos (Autor)
Format: Llibre
Idioma:espanyol
anglès
portuguès
Publicat: Washington, D.C Secretaría General OEA 1979
Matèries:
Etiquetes: Afegir etiqueta
Sense etiquetes, Sigues el primer a etiquetar aquest registre!

MARC

LEADER 00000nam a2200000 a 4500
001 UCR3250
003 CL-VaPUC
005 20210728001645.0
008 980124e19790100us 1 spa d
041 0 7 |a spa  |2 CL-VaPUC 
041 0 7 |a eng  |2 CL-VaPUC 
041 0 7 |a por  |2 CL-VaPUC 
082 0 4 |a 323.4  |b OEA  |2 21 
110 2 |a OEA  |e author  |9 618713 
710 2 |a Organización de Estados Americanos  |e author  |9 618714 
245 1 0 |a Quinto Curso de Derecho Internacional organizado por el Comité Jurídico Interamericano 
260 |a Washington, D.C  |b Secretaría General OEA  |c 1979 
300 |a 630 p 
583 |a last modification  |c 19980124 00:00:00  |k Rodrigo Vera 
600 1 7 |a OEA  |2 CL-VaPUC  |9 618713 
600 1 7 |a COMITE JURIDICO INTERAMERICANO  |2 CL-VaPUC  |9 618715 
650 0 0 |a Derecho internacional  |9 255637 
650 0 7 |a DERECHO INTERNACIONAL PUBLICO  |2 CL-VaPUC  |9 618716 
650 0 0 |a Derecho internacional privado  |9 256361 
650 0 7 |a CONFERENCIAS  |2 CL-VaPUC  |9 618717 
942 |c BK 
945 |a crobeson  |d 19980124 00:00:00 
546 |a En Español 
546 |a En Inglés 
546 |a En Portugués 
536 |a Comité Jurídico Interamericano 
518 |p Curso de Derecho Internacional, 5, Río de Janeiro, Agosto de 1978 
999 |c 383086  |d 383084 
952 |0 0  |1 0  |4 0  |6 323_400000000000000_OEA_1979  |7 0  |8 A  |9 505096  |a BIBDER  |b BIBDER  |d 2020-01-23  |i 1941135  |o 323.4 OEA 1979  |p 1941135  |r 2023-01-25  |w 2020-01-23  |y BK  |k DER